000 00730nam a22001337a 4500
040 _cRUA
082 _aVEM B506 CHH 2015 Or.1
100 _aCHHUN RAM; ឈុន រ៉េម
245 _aSurvey on common diseases in postweaning piglet at bonlong farm Odong district, Kampong sreu province; អង្កេតពីជំងឺដែលជួបប្រទះលើកូនជ្រូកក្រោយពេលផ្ដាច់ដោះ នៅកសិដ្ឋានចិញ្ចឹមជ្រូក ឡៅ ប៊ុនឡុង ស្រុកឧដុង្គ ខេត្តកំពង់ស្ពឺ
260 _aPhnom, Penh
_bRUA
_c2015
300 _aix; 36p;
_bill;
_c29cm
856 _uCHHUN RAM
942 _cAVM
999 _c10391
_d10391